00935cam a2200229 a 450000100100000000500170001000800410002701000130006802000150008104000230009605000220011911000280014124501760016926000930034530000210043844000250045950000200048465000190050465000550052361000320057871000950061000001513920200929163951.0890826s1988 ck 001 0 spa  a89180052 a9586251233 aDO-SdBNPcDLCdDLC00aP91.25b.C38 19882 aCatholic Church.bPope.13aEl Papa habla a los comunicadores (1967-1988) :b22 anos de la Jornada Mundial instituida por el Concilio Vaticano II : texto completo de los mensajes con indice tematico. aBogota :bDepartamento de Comunicacion Social, Consejo Episcopal Latinoamericano,c1988. a174 p. ;c21 cm. 0aColeccion DECOS ;v1 aIncludes index. 0aCommunication. 0aCommunicationxReligious aspectsxCatholic church.20aCatholic ChurchxDoctrines.2 aCatholic Church.bConsejo Episcopal Latinoamericano.bDepartamento de Comunicacion Social.